000 00690nam a2200193 a 4500
001 BRCA_2316
005 20190320203746.0
008 200808s2007----mx-a---###---#000-0#spa-#
020 _a9789680302758
050 4 _aNB253
_b.E83 2007
245 1 0 _aEscultura. Museo Nacional del Virreinato.
260 _aMéxico
_bAsociación de Amigos del Museo Nacional del Virreinato : Gobierno del Estado de México
_c2007
300 _a205 p.
_bil. a color
_c32 cm.
500 _aIncluye lista de obra y glosario
504 _aBibliografía: p. 195-197
610 2 4 _aMuseo Nacional del Virreinato (Ciudad de México)
_xColecciones de arte
_96962
650 1 4 _aEscultura
_zMéxico
_93562
942 _2lcc
_cB
999 _c2061
_d2061